Bilecik Bilecik Bilecik Bilecik Bilecik

Devlet adamı/ (Record no. 23136)

MARC details
000 -BAŞLIK
Sabit Uzunluktaki Kontrol Alanı 01107nam a22003377a 4500
001 - KONTROL NUMARASI
Control Dosyası 0023181
003 - KONTROL NUMARASI KİMLİĞİ
Kontrol Alanı KOHA_MİRAKIL
005 - EN SON İŞLEM TARİHİ ve ZAMANI
Kontrol Alanı 20260207002405.0
007 - FİZİKSEL TANIM SABİT ALAN - GENEL BİLGİ
Sabit uzunluklu kontrol alanı ta
008 - SABİT UZUNLUKTAKİ VERİ ÖGELERİ - GENEL BİLGİ
Sabit Alan 101022b1998 tu |||gr||||#||||0|tur |
040 ## - KATALOGLAMA KAYNAĞI
Özgün Kataloglama Kurumu TR-BiSEU
Kataloglama Dili tur
Çeviri Kurumu TR-BiSEU
Açıklama Kuralları rda
041 0# - DİL KODU
Metin ya da ses kaydının dil kodu tur
044 ## - YAYINLAYAN/ÜRETEN KURULUŞUN ÜLKE KODU
ISO country code tu
050 ## - SINIFLAMA ve YER NUMARASI
Sınıflama Numarası JC71
Yer Numarası .P53 1998
100 0# - KİŞİ ADI
Yazar Adı (Kişi adı) Platon.
245 1# - ESER ADI BİLDİRİMİ
Başlık Devlet adamı/
Sorumluluk Bildirimi Platon ; Platon ; [çeviren] Behice Boran, Mehmet Karasan.
264 #1 - ÜRERİM, YAYIN, DAĞITIM ve TELİF BİLDİRİMİ
Yayın yeri [y.y.] :
Yayınlayan Cumhuriyet
Yayın tarihi 1998
300 ## - FİZİKSEL TANIMLAMA
Sayfa, Cilt vb. 112 sayfa ;
Boyutları 18 cm.
336 ## - İÇERİK TÜRÜ
Content type term metin
Content type code txt
Source rdacontent
337 ## - MEDYA TÜRÜ
Media type term aracısız
Media type code n
Source rdamedia
338 ## - TAŞIYICI TÜRÜ
Carrier type term cilt
Carrier type code nc
Source rdacarrier
490 1# - DİZİ BİLDİRİMİ
Dizi Bildirimi Dünya klasikleri dizisi ;
Cilt Numarası 2
500 ## - GENEL NOT
Genel Not Yazarın bilinen diğer adı Eflatun'dur.
500 ## - GENEL NOT
Genel Not Dr.Behice Boran ile Mehmet Karasan tarafından, B.Jowett'in İngilizce ve A Dies'in Fransızca çevirileri temel alınarak çevrilmiştir.
650 #0 - KONU BAŞLIĞI EK GİRİŞ - KONU TERİMİ
Konusal terim veya coğrafi ad Philosophy.
9 (RLIN) 3266
650 #0 - KONU BAŞLIĞI EK GİRİŞ - KONU TERİMİ
Konusal terim veya coğrafi ad Statesmen.
9 (RLIN) 48048
650 #0 - KONU BAŞLIĞI EK GİRİŞ - KONU TERİMİ
Konusal terim veya coğrafi ad Felsefe.
9 (RLIN) 3265
650 #0 - KONU BAŞLIĞI EK GİRİŞ - KONU TERİMİ
Konusal terim veya coğrafi ad Devlet adamları.
9 (RLIN) 48049
830 1# - SERİ EK GİRİŞİ - TEKBİÇİM ESER ADI
Tekbiçim Başlık Dünya klasikleri dizisi ;
Volume number/sequential designation 2
9 (RLIN) 6235
942 ## - EK GİRİŞ ÖGELERİ (KOHA)
Source of classification or shelving scheme Library of Congress Classification
Koha item type Book
Holdings
Materyal Türü Kalıcı Konum Mevcut Konum Sınıflandırma Kaynağı Edinim Bilgisi Ana Konular Alt Konular Yer Numarası Demirbaş Numarası Fatura Tarihi Maliyet, Alış Fiyatı Maliyet, Yenileme Fiyatı Geri Çekilme Durumu Kayıp Durumu Hasarlı Durumu Kredi için değil Kayıt Tarih Toplam Ödünçverme Son Görülme Tarihi Son Kontrol Tarihi Raf Yeri Genel / Bağış Notu
Book BŞEÜ Pazaryeri MYO Kütüphanesi BŞEÜ Pazaryeri MYO Kütüphanesi Library of Congress Classification Bağış SİYASET BİLİMİ Siyaset Teorisi JC71 .P53 1998 0023181 02/02/2026 3.50 3.50         22/10/2010   05/12/2024 05/12/2024    
Book Prof. Dr. Azmi Özcan Kütüphanesi Prof. Dr. Azmi Özcan Kütüphanesi Library of Congress Classification Bağış SİYASET BİLİMİ Siyaset Teorisi JC71 .P53 1998 0029005 02/02/2026             31/03/2011 11 05/12/2024 05/12/2024 Uluğbey Salonu M.Şakir Dalka